[Event "Bad Soden U14 op"]
[Site "Bad Soden"]
[Date "2019.10.04"]
[Round "3"]
[White "Melchior, Christopher"]
[Black "Sadri, Adrian"]
[Result "0-1"]
[WhiteElo "1229"]
[BlackElo "1243"]
[PlyCount "36"]
[EventDate "2019.10.03"]
[EventType "swiss"]
[EventRounds "9"]
[EventCountry "GER"]
[SourceTitle "CBM 192 Extra"]
[Source "Chessbase"]
[SourceDate "2019.11.06"]
[SourceVersion "1"]
[SourceVersionDate "2019.11.06"]
[SourceQuality "1"]

1. d4 d5 2. c4 e6 3. Nc3 Nc6 4. Nf3 Bb4 5. Qc2 Nf6 6. Bg5 dxc4 7. e3 h6 8. Bh4 b6 9. Bxc4 Bb7 10. 0-0 Qd7 11. Bb5 Bxc3 12. Bxf6 Bb4 13. Bxg7 Rg8 14. Ne5 Qd6 15. Qh7 Ke7 16. Qxh6 Nxe5 17. Bxe5 Qd5 18. Rac1 Qxg2# 0-1